00581pab a2200193 454500008004000000100001900040245006500059260000900124300001300133362000800146650003800154650002100192700001700213773001900230908000600249909001000255999001700265952010500282180718b2010 xxu||||| |||| 00| 0 eng d aKang, Tejpreet aThe daughter deficit-exploring declining sex ratio in Punjab c2010 ap.18-22. aFeb aSex distribution - India - Punjab aSex distribution aChawla, Asha aSocial Welfare aN a85652 c85652d85652 00104070aIIPAbIIPAd2018-07-19hVolume no: 56, Issue no: 11pAR86112r2018-07-19w2018-07-19yAR